00495nam a2200169 a 450000100060000000300090000600800410001502000150005604000280007108200190009910000320011824500730015026000330022330000110025665000360026765000220030315599CO-ViMGA141112s2004 ck r 000 u spa d a9589057403 aCO-ViMGAbspacCO-ViMGA04a342.8601 C656c1 aColombia. Leyes, Decretos, 10aAchka Iachag Panga : bConstitución política de Colombia en Inga aBogotá, cUniandes, c1994 a116.p.14aCOLOMBIA - CONSTITUCION - INGAS14aLENGUAS INDIGENAS